[Event "AUT-ch Open 2020"]
[Site "Graz"]
[Date "2020.02.15"]
[Round "2.4"]
[White "Meshkovs, Nikita"]
[Black "Szotkowski, Jakub"]
[Result "1-0"]
[WhiteElo "2566"]
[BlackElo "2566"]
[Annotator "TA"]
[PlyCount "113"]
[EventDate "2020.02.14"]
[EventType "swiss"]
[EventCountry "AUT"]
[SourceTitle "playchess.com"]
[Source "ChessBase"]
[SourceQuality "1"]

{[%evp 10,113,16,22,23,12,24,12,32,22,22,20,26,27,27,26,38,41,42,40,38,38,45,33,34,36,43,27,37,23,38,13,18,2,2,0,0,0,0,0,0,-16,20,13,27,27,29,20,62,0,12,0,67,65,144,101,93,111,146,114,113,100,110,95,95,92,97,85,98,93,183,186,179,179,172,168,224,183,183,168,221,210,216,218,234,245,251,160,181,170,241,235,219,216,387,380,668,668,482,261,294,300,368,345,355,347]} 1. Nf3 d5 2. g3 Nf6 3. Bg2 c6 4. O-O Nbd7 5. d4 e6 6. Nbd2 Be7 {D02: 1 d4 d5 2 Nf3 sidelines, including 2...Nf6 3 g3 and 2...Nf6 3 Bf4.} 7. Re1 O-O 8. e4 b6 {The position is equal.} 9. exd5 cxd5 10. a4 {[%cal Ba2a4,Ba4b5][%mdl 32] [#]} a5 $146 ({Predecessor:} 10... Ba6 11. Nb3 Bc4 12. Nfd2 Rc8 13. Nxc4 dxc4 14. Nd2 Qc7 15. c3 a6 16. Nf3 Bd6 {1-0 (57) Dittmar,P (2348)-Klaus,I (2155) Baden 2002}) 11. Nb1 Ba6 12. Na3 Rc8 13. Nb5 Bxb5 14. axb5 Ne4 15. c3 Bd6 16. Nd2 Nxd2 17. Bxd2 Nf6 18. Qe2 Qd7 19. Qd3 h6 20. h3 Rfd8 21. b3 Bf8 22. Bf3 Ne8 23. Be2 Nd6 24. Rec1 Ne4 25. Be1 f5 26. Kg2 Kh8 27. f3 Nf6 $1 28. Bf2 Qb7 29. Qe3 (29. c4 $14) 29... Re8 30. c4 Nd7 (30... dxc4 $11 31. bxc4 e5) 31. Bd3 $14 g6 ({Better is} 31... Rcd8 $14) 32. Ra2 e5 33. cxd5 {And now Rc6 would win.} Qxd5 34. Rxc8 Rxc8 35. Bc4 Qxd4 36. Qxd4 exd4 37. Bxd4+ Bg7 38. Bf2 Nc5 39. Rd2 a4 {[#]} (39... Bf8 $16) 40. bxa4 $1 $18 Nxa4 41. Be6 Rb8 42. Rd6 Nc5 (42... Be5 {is a better defense.} 43. Rc6 Kg7) 43. Bf7 g5 44. Bg6 f4 (44... Be5 $142 45. Rd5 Bf6) 45. gxf4 gxf4 46. h4 Be5 47. Rc6 Kg7 48. Bf5 h5 49. Kh3 Na4 (49... Nb3 {was worth a try.} 50. Rg6+ (50. Bxb6 Nd2 $16) (50. Rxb6 Rxb6 51. Bxb6 Nd4 $18) 50... Kf7) 50. Rg6+ Kf7 51. Rg5 Rd8 $2 {[#]} (51... Nc3 52. Bc2 (52. Rxh5 Nxb5 53. Kg4 Rg8+ 54. Rg5 Nd4 $16) 52... Kf6 53. Rf5+ Ke6 54. Rxh5 Nxb5 55. Rh6+ Ke7 56. Rxb6 (56. Bxb6 Nd6 $16) 56... Rxb6 57. Bxb6 Bd4) 52. Bc2 Bf6 $2 (52... Bd4 53. Bxd4 (53. Bxa4 Bxf2 54. Rxh5 Kf6 $16) 53... Rxd4 54. Bxa4 Rxa4 55. Rxh5 Kf6) 53. Bb3+ Ke7 54. Rxh5 (54. Bxa4 $142 Bxg5 55. hxg5) 54... Rd2 55. Be1 ({Weaker is} 55. Bxa4 Rxf2 56. Rh7+ Kd6 $16) 55... Rd4 56. Bxa4 Rxa4 57. Bf2 {Accuracy: White = 81%, Black = 62%.} 1-0

[Event "AUT-ch Open 2020"]
[Site "Graz"]
[Date "2020.02.15"]
[Round "2.4"]
[White "Niedbala, Bartlomiej"]
[Black "Pacher, Simon"]
[Result "1-0"]
[WhiteElo "2432"]
[BlackElo "2051"]
[Annotator "TA"]
[PlyCount "147"]
[EventDate "2020.02.14"]
[EventType "swiss"]
[EventCountry "AUT"]
[SourceTitle "playchess.com"]
[Source "ChessBase"]
[SourceQuality "1"]

{[%evp 14,151,14,0,0,2,1,-6,0,-34,-27,-34,-29,-43,-39,-40,-20,-56,-52,-60,-33,-47,-47,-55,-34,-50,-57,-65,-57,-53,-47,-54,-54,-79,-17,-17,-17,-47,-41,-44,-42,-47,0,0,0,0,0,0,0,6,34,0,5,0,118,85,71,86,75,73,93,81,175,163,201,202,214,207,587,592,693,678,644,649,1236,1213,1200,799,696,0,1045,361,461,381,414,396,591,261,267,0,0,0,1066,1612,1571,1529,1221,979,973,927,4921,807,804,790,768,748,748,704,739,653,478,0,739,633,631,618,740,639,647,587,584,579,578,464,577,600,748,738,756,738,614,596,524,391,558,1024,29983,29983,29981,29977]} 1. d4 d5 2. c4 c6 3. Nc3 e6 4. e3 Nf6 5. Qc2 Nbd7 6. Nf3 a6 7. Bd2 dxc4 8. Bxc4 b5 {D45: Semi-Slav: 5 e3.} 9. Be2 c5 10. O-O Bb7 {The position is equal.} 11. Rfd1 Rc8 12. dxc5 Bxc5 13. a3 O-O 14. Rac1 {[#]} Qc7 $146 ({Predecessor:} 14... Qe7 15. Qb1 Rfd8 16. h3 Bd6 17. e4 Ne5 18. Bg5 h6 19. Be3 Nxf3+ 20. Bxf3 Nd7 {1-0 (33) Ashley,M (2365)-Hess,R (2390) New York 1993}) 15. h3 Ne5 {[%cal Bd7e5,Be5g6,Bg6h4][%mdl 32]} 16. Nh2 Bd6 17. Be1 Qb8 18. Nf1 Rfd8 19. Nd2 Qa8 20. Bf1 Ng6 21. Nb3 Nh4 {[%cal Rb7g2]} 22. f3 Nf5 23. Bf2 {Strongly threatening e4.} Qb8 (23... Nd5 $1 $17 24. Qe2 Nxc3 25. Rxc3 Rxc3 26. bxc3 Qb8) 24. e4 $11 Ng3 25. Rd3 {[#]} Ngxe4 $1 {[%mdl 512]} 26. fxe4 (26. Nxe4 Nxe4) 26... Bxe4 27. Nxe4 Rxc2 (27... Nxe4 $15 28. Rxd6 Rxc2 29. Rxd8+ Qxd8 30. Rxc2 Nxf2 31. Kxf2 g6) 28. Nxf6+ gxf6 29. Rxc2 Bh2+ 30. Kh1 Rxd3 $1 31. Bxd3 {Black must now prevent g3.} Be5 (31... Bf4 {is interesting.} 32. Nd4 Qe5 33. Nc6 Qd6 34. Nb4 f5) 32. Rd2 Kg7 33. Nc5 Qc8 (33... Bf4 $11 34. Re2 Qd6) 34. Be2 Bg3 35. Bg1 $36 {[%mdl 2048] Hoping for Bh5. White has strong initiative.} Kg6 36. Rd3 Bf4 37. b4 h5 (37... f5 $16) 38. Bf3 $1 $18 h4 39. Bb7 $1 {[%cal Rb7c8]} Qc7 40. Bxa6 e5 $2 (40... Qc6 {is tougher.} 41. Bb7 Qc7) 41. Bxb5 f5 42. Rd7 Qb8 43. Bc4 f6 44. Bf7+ Kh6 45. Be6 Kg6 46. Bf7+ (46. Bc4 $142) 46... Kh6 $1 47. Rd5 $2 (47. Ne6) 47... Bc1 48. Ne6 Qb7 49. Nd8 Qa8 (49... Qa6 $142 50. Be8 Qxa3 51. Nf7+ Kg7) 50. b5 (50. Rd6 $142) 50... Qxa3 51. b6 $2 ({Only move:} 51. Ne6 $1 $18 Qe7 52. Bg8) 51... Be3 $1 $11 52. Rd1 {aiming for b7.} f4 $2 {[%mdl 8192]} (52... Bxg1 $11 53. Rxg1 Qd6 {[%mdl 64] Double Attack}) 53. b7 $18 Qb2 54. Bd5 f5 55. Nf7+ Kg6 56. Nd6 e4 {[#]} 57. Nxe4 (57. Nc4 $142 $1 Qh8 58. Nxe3 fxe3 59. Bh2) 57... f3 58. gxf3 Bf4 59. Nf2 {Threatens to win with Nd3!} Bb8 60. Kg2 Qe5 61. Bc6 Qc7 62. Bd5 Qe5 63. Kf1 Qb2 64. Rd3 Qb1+ {[#]} 65. Kg2 $1 Qc1 66. Be6 Qg5+ 67. Kf1 Qc1+ 68. Rd1 Qc6 69. Bd5 Qb5+ 70. Kg2 Qb2 71. f4 Bxf4 72. Bf3 Bb8 73. Rd8 Qe5 {[#]} (73... Bc7 $142) 74. Kh1 {Played: Rd8xb8} 1-0

[Event "AUT-ch Open 2020"]
[Site "Graz"]
[Date "2020.02.15"]
[Round "2.5"]
[White "Nitin, S.."]
[Black "Shengelia, David"]
[Result "1/2-1/2"]
[WhiteElo "2353"]
[BlackElo "2557"]
[Annotator "TA"]
[PlyCount "139"]
[EventDate "2020.02.14"]
[EventType "swiss"]
[EventCountry "AUT"]
[SourceTitle "playchess.com"]
[Source "ChessBase"]
[SourceQuality "1"]

{[%evp 11,139,12,17,0,0,0,0,0,0,0,0,0,0,0,0,0,0,0,0,0,0,11,29,-16,-24,-76,-39,-35,-29,-39,-29,-23,0,-20,-10,-10,-17,-9,-8,-6,-6,-9,-8,-7,-7,-7,-5,-6,-7,-9,-10,-42,-32,-32,-28,-39,-32,-37,0,-9,0,0,0,0,0,-1,-1,-3,-3,-12,0,0,0,0,0,0,0,0,0,0,0,0,0,-20,0,0,-5,-8,0,-8,-8,-8,-6,-8,-8,-5,0,-7,0,0,0,-8,0,0,0,0,0,0,0,0,0,0,0,0,0,0,0,0,0,0,0,0,0,0,0,0,0,0,0,0]} 1. e4 c5 2. Nf3 e6 3. d4 cxd4 4. Nxd4 a6 5. Nc3 b5 6. Be2 Bb7 7. O-O {B43: Sicilian: Kan Variation: 5 Nc3.} b4 8. Na4 Bxe4 9. Bf3 Nf6 10. Bxe4 Nxe4 11. Re1 d5 12. Nxe6 fxe6 13. Qh5+ $1 g6 14. Qe5 {[%mdl 64] [#] Double Attack} Qf6 $1 {[%cal Rf6f2]} 15. Rxe4 $1 Qxe5 16. Rxe5 Kf7 $1 17. Bg5 {[#]} h6 $146 ({Predecessor:} 17... Nd7 18. Re3 h6 19. Rf3+ Kg7 20. Bf4 g5 21. Bg3 Kg6 22. Re1 Re8 23. Rfe3 Kf7 24. Rf3+ Kg6 25. Rfe3 {½-½ (25) Nitin,S (2449)-Jojua,D (2583) Abu Dhabi 2018}) 18. Bh4 (18. Bd2 $11 {remains equal.}) 18... Nd7 19. Re3 Rc8 20. Rf3+ Kg8 21. Re3 e5 (21... g5 $5 22. Bg3 $8 Kf7 $11) 22. Rd3 g5 23. Bg3 d4 24. c3 $1 bxc3 25. bxc3 Rc4 26. Nb2 $1 {[%cal Rb2c4]} Rxc3 27. Rxc3 dxc3 28. Na4 Bb4 {[#] aiming for ...Kf7.} 29. Rd1 Rh7 30. Rc1 h5 31. h3 h4 32. Bh2 Rh6 33. Nxc3 Rc6 34. Ne2 Bc5 35. Rd1 {The position is equal.} Rf6 36. Rxd7 Rxf2 37. Rd5 Bb6 38. Rxe5 {Threatens to win with Kh1.} Rxe2+ $1 $11 {[%mdl 4096] Endgame KRB-KRB} 39. Kh1 $132 {[%mdl 2048] White is fighting back} Rxa2 {White must now prevent ...Ra1+.} 40. Rxg5+ Kh7 {...Ra1+ is the strong threat.} 41. g4 hxg3 42. Bxg3 a5 43. Rb5 Be3 44. Re5 Bc1 45. Re1 Ba3 46. Re4 Bb4 47. Rg4 Rb2 48. Be5 Re2 49. Bf6 Re6 50. Bd8 Rd6 51. Bc7 Rc6 52. Bd8 Rc8 53. Bf6 Rc2 54. Kg1 Rc6 55. Be5 Re6 56. Bc7 Re1+ 57. Kf2 {Hoping for Rxb4!} Rb1 58. Ke2 a4 59. Kd3 a3 60. Be5 Bf8 61. Kc2 Re1 62. Bc3 Re2+ 63. Kb3 Re3 64. Kc2 Rxh3 65. Ra4 Kg6 66. Bb4 Rh2+ 67. Kb3 Bxb4 68. Kxb4 Rh4+ 69. Kxa3 Rxa4+ 70. Kxa4 {Accuracy: White = 94%, Black = 98%.} 1/2-1/2

[Event "AUT-ch Open 2020"]
[Site "Graz"]
[Date "2020.02.15"]
[Round "2.5"]
[White "Simonetto, Andrea"]
[Black "Schnider, Gert"]
[Result "1/2-1/2"]
[WhiteElo "2158"]
[BlackElo "2429"]
[Annotator "ChessBase"]
[PlyCount "85"]
[EventDate "2020.02.14"]
[EventType "swiss"]
[EventCountry "AUT"]
[SourceTitle "playchess.com"]
[Source "ChessBase"]
[SourceQuality "1"]
[TimeControl "40/5400+30:1800+30"]

1. d4 {[%emt 0:00:00]} Nf6 {[%emt 0:00:00]} 2. c4 {[%emt 0:00:00]} e6 {[%emt 0:00:00]} 3. Nc3 {[%emt 0:00:00]} Bb4 {[%emt 0:00:00]} 4. Qc2 {[%emt 0:00:00]} b6 {[%emt 0:00:03]} 5. e4 {[%emt 0:00:10]} c5 {[%emt 0:00:22]} 6. d5 {[%emt 0:00:32]} exd5 {[%emt 0:01:28]} 7. exd5 {[%emt 0:05:20]} O-O {[%emt 0:00:11]} 8. Bd3 {[%emt 0:02:52]} b5 {[%emt 0:05:03]} 9. Bd2 {[%emt 0:16:20]} bxc4 {[%emt 0:01:36]} 10. Bxc4 {[%emt 0:00:07]} d6 {[%emt 0:00:27]} 11. Nge2 {[%emt 0:04:19]} Nbd7 {[%emt 0:00:51]} 12. a3 {[%emt 0:09:37]} Bxc3 {[%emt 0:05:54]} 13. Bxc3 {[%emt 0:02:22]} Nb6 {[%emt 0:00:36]} 14. Qd3 {[%emt 0:06:53]} Nxc4 {[%emt 0:05:22]} 15. Qxc4 {[%emt 0:00:09]} a5 {[%emt 0:00:09]} 16. Bxf6 {[%emt 0:09:28]} Qxf6 {[%emt 0:02:10]} 17. Qc3 {[%emt 0:00:20]} Qg5 {[%emt 0:01:45]} 18. O-O {[%emt 0:03:57]} Ba6 {[%emt 0:10:23]} 19. Rfe1 {[%emt 0:02:07]} Rfb8 {[%emt 0:05:36]} 20. Ng3 {[%emt 0:03:16]} a4 {[%emt 0:03:45]} 21. h4 {[%emt 0:03:34]} Qg6 {[%emt 0:05:57]} 22. h5 {[%emt 0:00:34]} Qg5 {[%emt 0:03:20]} 23. Ne4 {[%emt 0:00:44]} Qxh5 {[%emt 0:12:50]} 24. Nxd6 {[%emt 0:01:17]} Qxd5 {[%emt 0:02:30]} 25. Rad1 {[%emt 0:00:50]} Qh5 {[%emt 0:00:29]} 26. Ne4 {[%emt 0:06:14]} h6 {[%emt 0:09:35]} 27. Qxc5 {[%emt 0:02:30]} Qh4 {[%emt 0:04:46]} 28. g3 {[%emt 0:04:26]} Qh3 {[%emt 0:01:23]} 29. Nd6 {[%emt 0:00:21]} Bb7 {[%emt 0:05:20]} 30. Nxb7 {[%emt 0:00:06]} Rxb7 {[%emt 0:00:01]} 31. Qc6 {[%emt 0:00:56]} Rbb8 {[%emt 0:00:15]} 32. Rd2 {[%emt 0:00:44]} h5 {[%emt 0:04:10]} 33. Rde2 {[%emt 0:00:52]} Qc8 {[%emt 0:02:09]} 34. Qxc8+ {[%emt 0:01:41]} Rxc8 {[%emt 0:00:01]} 35. Re4 {[%emt 0:00:12]} Rcb8 {[%emt 0:01:09]} 36. R1e2 {[%emt 0:00:06]} g6 {[%emt 0:00:15]} 37. Kg2 {[%emt 0:00:09]} Kg7 {[%emt 0:00:06]} 38. Rf4 {[%emt 0:00:31]} Ra6 {[%emt 0:02:24]} 39. Rfe4 {[%emt 0:00:29]} Rb3 {[%emt 0:00:51]} 40. R4e3 {[%emt 0:01:21]} Rb5 {[%emt 0:02:14]} 41. Re5 {[%emt 0:32:17]} Rb3 {[%emt 0:30:08]} 42. R5e3 {[%emt 0:00:05]} Rb5 {[%emt 0:00:03]} 43. Re5 {[%emt 0:00:37]} 1/2-1/2

[Event "AUT-ch Open 2020"]
[Site "Graz"]
[Date "2020.02.15"]
[Round "2.6"]
[White "Istratescu, Andrei"]
[Black "Leisch, Lukas"]
[Result "1/2-1/2"]
[WhiteElo "2552"]
[BlackElo "2552"]
[Annotator "TA"]
[PlyCount "130"]
[EventDate "2020.02.14"]
[EventType "swiss"]
[EventCountry "AUT"]
[SourceTitle "playchess.com"]
[Source "ChessBase"]
[SourceQuality "1"]

{[%evp 16,130,6,12,29,24,39,20,41,49,32,23,41,42,54,50,46,46,47,57,41,45,49,39,43,36,27,27,27,21,28,25,16,-15,-12,-26,-20,-33,-14,-7,0,0,205,202,200,205,215,208,265,268,262,262,262,262,281,268,271,227,227,222,211,194,215,208,204,172,392,364,665,643,643,641,945,910,918,883,869,889,835,584,568,532,1111,8,235,235,189,8,8,8,8,8,8,8,8,0,0,0,0,0,0,0,0,0,0,0,0,0,0,0,0,0,0,0,0,0,0]} 1. e4 e6 2. d4 d5 3. Nc3 Nf6 4. e5 Nfd7 5. f4 c5 6. Nf3 Nc6 7. Be3 Be7 8. Qd2 O-O 9. dxc5 Qa5 {C11: French: Classical System: 4 e5 and 4 Bg5 dxe4.} 10. O-O-O (10. a3 Bxc5 11. Bxc5 Nxc5 12. Bd3 Nxd3+ 13. Qxd3 h6 14. O-O-O Rb8 15. h4 Qa6 16. Qxa6 bxa6 17. Ne2 Na5 18. b3 Bd7 19. Ned4 Rfc8 20. Rd3 Nb7 21. g4 Nc5 22. Re3 a5 23. Nd2 a4 24. b4 Nb7 25. Rhh3 Nd8 26. Rc3 Kf8 27. Rxc8 Rxc8 28. Kb2 f6 29. N2f3 Rc4 30. c3 Nf7 31. g5 {1-0 (88) Istratescu,A (2543)-Leisch,L (2353) Aschach 2019}) 10... b6 11. Bb5 Nb4 12. a3 bxc5 13. Kb1 {Threatens to win with f5.} (13. axb4 cxb4 14. Na4 Qxb5 $17) 13... Rb8 14. axb4 cxb4 15. Nxd5 $1 exd5 16. Bxd7 Bxd7 17. Qxd5 Qxd5 18. Rxd5 Bc6 19. Ra5 Rfc8 20. Rc1 Be4 {Threatening ...b3.} 21. Nd2 Bxg2 22. Rxa7 Bf8 23. b3 $36 {[%mdl 2048] White has some pressure.} Rc3 24. Bd4 Rh3 $1 {[#]} 25. Nc4 $146 ({Predecessor:} 25. Bg1 g6 26. Re1 Rd8 27. Re2 Bd5 28. Bb6 Rc8 29. Ra5 Be6 30. Ne4 {½-½ (62) Di Nicolantonio,L (2408)-Maurizzi,M (2404) Paris 2019}) 25... Rxh2 26. f5 {Hoping for e6.} Ra8 27. Rc7 Be4 28. Nd6 Bxd6 $2 (28... Rd2 $1 $11 29. Bc5 (29. Nxe4 Rxd4 30. Ng5 Rf4 $11) 29... Re2) 29. exd6 $18 Bxf5 30. d7 Rd2 31. Re1 $1 {[%cal Re1e8] White wants to mate with Re8+.} Rf8 {[#]} 32. Re8 $1 {[%cal Re8f8][%mdl 512] Threatening mate with Rxf8+.} Bxd7 ({But not} 32... Rxd4 $2 33. Rcc8 $18) 33. Rxf8+ Kxf8 34. Rxd7 {[%mdl 4096] Endgame KRB-KR} Ke8 35. Kc1 Rg2 36. Rd5 f6 37. c3 bxc3 38. Bxc3 Ke7 39. b4 $1 Ke6 40. Rd8 $1 h5 $2 (40... Ra2 41. Re8+ Kd5) 41. b5 {aiming for b6.} Rg5 $2 (41... Ke7 42. Rh8 Kd6 43. Bb4+ Kc7 44. Ba5+ (44. Rxh5 Kb6 $14) 44... Kd6 45. Bb4+ Kc7 46. Ba5+ (46. Rxh5 Kb6 $14) 46... Kd6 47. Rxh5 Ra2) 42. b6 $1 Rb5 {[#]} 43. Bd4 $1 h4 44. Kc2 g5 45. Kc3 h3 46. Rh8 g4 47. Kc4 Rb1 48. Bc5 Kf5 49. Kd5 $2 (49. Bb4 $18 {And now b7 would win.} Rc1+ 50. Kb3) 49... Kf4 $2 (49... Rb3 $11 {and Black stays safe.}) 50. Kc6 Kf3 {[#]} 51. b7 $2 (51. Bd6 $1 $18 f5 52. Ra8 Rc1+ 53. Kb5 Rb1+ 54. Bb4) 51... Rxb7 $1 $11 {The position is equal.} 52. Kxb7 {Bd6 is the strong threat.} f5 53. Bd6 f4 54. Kb6 Kg3 55. Rf8 h2 56. Bxf4+ Kg2 57. Bxh2 Kxh2 {KR-KP} 58. Kc5 {White threatens Rh8+ and mate.} g3 $1 59. Rh8+ Kg2 60. Kd4 {Intending Ke3 and mate.} Kf2 61. Rf8+ Ke2 62. Rg8 Kf2 63. Kd3 g2 64. Kd2 g1=Q 65. Rxg1 Kxg1 {Accuracy: White = 80%, Black = 67%.} 1/2-1/2

[Event "AUT-ch Open 2020"]
[Site "Graz"]
[Date "2020.02.15"]
[Round "2.6"]
[White "Buonanno, Raffaele"]
[Black "Freitag, Manfred"]
[Result "0-1"]
[WhiteElo "2151"]
[BlackElo "2378"]
[Annotator "ChessBase"]
[PlyCount "164"]
[EventDate "2020.02.14"]
[EventType "swiss"]
[EventCountry "AUT"]
[SourceTitle "playchess.com"]
[Source "ChessBase"]
[SourceQuality "1"]
[TimeControl "40/5400+30:1800+30"]

1. d4 {[%emt 0:03:48]} Nf6 {[%emt 0:00:00]} 2. c4 {[%emt 0:00:13]} g6 {[%emt 0:00:00]} 3. Nc3 {[%emt 0:00:13]} Bg7 {[%emt 0:00:34]} 4. e4 {[%emt 0:00:48]} d6 {[%emt 0:00:06]} 5. f3 {[%emt 0:00:47]} O-O {[%emt 0:00:07]} 6. Nge2 {[%emt 0:00:34]} c5 {[%emt 0:00:17]} 7. d5 {[%emt 0:00:38]} e6 {[%emt 0:00:51]} 8. Ng3 {[%emt 0:00:47]} exd5 {[%emt 0:00:07]} 9. cxd5 {[%emt 0:00:09]} h5 {[%emt 0:01:18]} 10. Be2 {[%emt 0:01:02]} a6 {[%emt 1:31:40]} 11. a4 {[%emt 1:26:31]} Nbd7 {[%emt 0:00:30]} 12. Bg5 {[%emt 0:00:30]} Qb6 {[%emt 0:00:30]} 13. Qc1 {[%emt 0:00:30]} Nh7 {[%emt 0:00:30]} 14. Be3 {[%emt 0:00:30]} Qd8 {[%emt 0:00:30]} 15. O-O {[%emt 0:00:30]} h4 {[%emt 0:00:00]} 16. Nh1 {[%emt 0:00:30]} f5 {[%emt 0:01:00]} 17. Nf2 {[%emt 0:00:30]} Ne5 {[%emt 0:00:00]} 18. f4 {[%emt 0:00:00]} Nf7 {[%emt 0:00:00]} 19. Bd3 {[%emt 0:00:00]} Re8 {[%emt 0:00:00]} 20. Qd2 {[%emt 0:00:00]} Bd7 {[%emt 0:00:00]} 21. Rab1 {[%emt 0:00:00]} Rc8 {[%emt 0:00:00]} 22. Rfe1 {[%emt 0:00:00]} Qf6 {[%emt 0:00:00]} 23. a5 {[%emt 0:00:00]} Re7 {[%emt 0:00:00]} 24. Bc4 {[%emt 0:00:00]} Kh8 {[%emt 0:00:00]} 25. Rbd1 {[%emt 0:00:00]} g5 {[%emt 0:00:00]} 26. fxg5 {[%emt 0:00:00]} Nhxg5 {[%emt 0:00:00]} 27. exf5 {[%emt 0:00:00]} Rce8 {[%emt 0:00:00]} 28. Bxg5 {[%emt 0:00:00]} Qxg5 {[%emt 0:06:00]} 29. Rxe7 {[%emt 0:06:00]} Rxe7 30. Qxg5 {[%emt 0:00:30]} Nxg5 {[%emt 0:00:00]} 31. Bd3 {[%emt 0:00:00]} Bd4 {[%emt 0:00:00]} 32. Kf1 {[%emt 0:00:00]} Rf7 {[%emt 0:00:00]} 33. Ke2 {[%emt 0:00:00]} Bxf5 {[%emt 0:00:00]} 34. Bxf5 {[%emt 0:00:00]} Rxf5 {[%emt 0:00:00]} 35. Ng4 {[%emt 0:00:00]} h3 {[%emt 0:00:00]} 36. g3 {[%emt 0:00:00]} Kg7 {[%emt 0:00:00]} 37. Rd3 {[%emt 0:00:00]} Kg6 {[%emt 0:00:00]} 38. Nd1 {[%emt 0:00:00]} Rf7 {[%emt 0:00:00]} 39. Rb3 {[%emt 0:00:00]} Re7+ {[%emt 0:00:00]} 40. Nde3 {[%emt 0:00:00]} Ne4 {[%emt 0:00:00]} 41. Rd3 {[%emt 0:33:47]} Bxb2 {[%emt 0:12:03]} 42. Kf3 {[%emt 0:00:30]} Ng5+ {[%emt 0:01:28]} 43. Ke2 {[%emt 0:00:18]} Bd4 {[%emt 0:00:08]} 44. Kf1 {[%emt 0:01:13]} Ne4 {[%emt 0:04:26]} 45. Nc4 {[%emt 0:00:48]} Kg5 {[%emt 0:01:43]} 46. Nce3 {[%emt 0:00:31]} Nf6 {[%emt 0:09:29]} 47. Nxf6 {[%emt 0:00:10]} Bxe3 {[%emt 0:01:19]} 48. Nd7 {[%emt 0:00:19]} Kf5 {[%emt 0:01:39]} 49. Nb6 {[%emt 0:00:36]} Ke4 {[%emt 0:01:00]} 50. Ke2 {[%emt 0:00:31]} Bg1 {[%emt 0:04:29]} 51. Nc8 {[%emt 0:00:38]} Rd7 {[%emt 0:01:33]} 52. g4 {[%emt 0:00:31]} c4 {[%emt 0:00:00]} 53. Rxh3 {[%emt 0:00:00]} Kxd5 {[%emt 0:00:00]} 54. Rg3 {[%emt 0:00:00]} Bd4 {[%emt 0:00:00]} 55. Nb6+ {[%emt 0:00:00]} Bxb6 {[%emt 0:00:00]} 56. axb6 {[%emt 0:00:00]} Ke4 {[%emt 0:00:00]} 57. g5 {[%emt 0:00:00]} Rh7 {[%emt 0:00:00]} 58. h3 {[%emt 0:00:00]} Kf5 {[%emt 0:00:00]} 59. Ke3 {[%emt 0:00:00]} Kg6 {[%emt 0:00:00]} 60. Kd4 {[%emt 0:00:00]} Rh4+ {[%emt 0:00:00]} 61. Kd5 {[%emt 0:00:00]} c3 {[%emt 0:00:00]} 62. Rxc3 {[%emt 0:00:00]} Rb4 {[%emt 0:00:00]} 63. Kxd6 {[%emt 0:00:00]} Rxb6+ {[%emt 0:00:00]} 64. Kc7 {[%emt 0:00:00]} Rb4 {[%emt 0:08:43]} 65. Rc5 {[%emt 0:00:00]} Rb5 {[%emt 0:00:00]} 66. Rc4 {[%emt 0:00:00]} Kxg5 {[%emt 0:00:00]} 67. Rg4+ {[%emt 0:00:00]} Kh5 {[%emt 0:00:00]} 68. Rg8 {[%emt 0:00:09]} a5 {[%emt 0:00:00]} 69. Rh8+ {[%emt 0:03:28]} Kg6 {[%emt 0:00:00]} 70. h4 {[%emt 0:00:49]} a4 {[%emt 0:00:00]} 71. h5+ {[%emt 0:00:54]} Kg7 {[%emt 0:00:00]} 72. Ra8 {[%emt 0:00:02]} Rb4 {[%emt 0:00:00]} 73. Kd6 {[%emt 0:00:27]} b5 {[%emt 0:00:00]} 74. Kc5 {[%emt 0:01:02]} Rb3 {[%emt 0:00:00]} 75. Kd5 {[%emt 0:00:06]} a3 {[%emt 0:00:00]} 76. Ke5 {[%emt 0:00:18]} b4 {[%emt 0:00:00]} 77. Kf5 {[%emt 0:00:08]} Rf3+ {[%emt 0:00:00]} 78. Kg5 {[%emt 0:00:40]} Rg3+ {[%emt 0:00:00]} 79. Kf5 {[%emt 0:00:43]} Rg1 {[%emt 0:00:00]} 80. Ra7+ {[%emt 0:01:18]} Kh6 {[%emt 0:00:00]} 81. Ra4 {[%emt 0:01:39]} b3 {[%emt 0:00:00]} 82. Rxa3 {[%emt 0:00:07]} b2 {[%emt 0:00:00]} 0-1

[Event "AUT-ch Open 2020"]
[Site "Graz"]
[Date "2020.02.15"]
[Round "2.7"]
[White "Tuncer, Tuna"]
[Black "Dragnev, Valentin"]
[Result "1/2-1/2"]
[WhiteElo "2549"]
[BlackElo "2549"]
[Annotator "TA"]
[PlyCount "92"]
[EventDate "2020.02.14"]
[EventType "swiss"]
[EventCountry "AUT"]
[SourceTitle "playchess.com"]
[Source "ChessBase"]
[SourceQuality "1"]

{[%evp 9,92,0,0,0,9,9,0,0,12,-4,-7,-13,-9,-13,-6,-17,-10,-38,-18,-33,-5,-44,-12,-37,-30,-22,-9,-27,0,-8,0,-22,0,0,0,0,0,0,0,-75,314,303,358,360,379,371,406,381,397,333,404,391,412,409,364,341,283,112,98,133,115,0,0,0,0,0,0,-59,0,0,0,0,0,0,0,0,0,0,0,0,0,0,0,0,0]} 1. d4 Nf6 2. Bf4 d5 3. e3 e6 4. Nf3 Bd6 5. Nbd2 O-O 6. Bd3 {D02: 1 d4 d5 2 Nf3 sidelines, including 2...Nf6 3 g3 and 2...Nf6 3 Bf4.} Bxf4 {6...b6 is becoming the main line.} 7. exf4 b6 8. Qe2 c5 9. c3 a5 {[#]} 10. h4 $146 ({Predecessor:} 10. O-O Ba6 11. Bxa6 Nxa6 12. Ne5 Nb8 13. Ndf3 Qc7 14. Qb5 Ne4 15. g3 Nd6 16. Qe2 {½-½ (42) Inarkiev,E (2663)-Matlakov,M (2699) Moscow 2019}) 10... Ba6 11. Bxa6 Nxa6 {[%cal Bb8a6,Ba6c5,Bc5a4][%mdl 32]} 12. h5 h6 13. a3 Qc7 14. g3 b5 15. O-O Qb6 16. dxc5 Nxc5 17. Ne5 Rfc8 18. Kg2 Na4 19. Rab1 Rc7 20. Rfc1 Rac8 21. Ndf3 b4 22. axb4 axb4 23. Qd1 Ne4 ({Not} 23... bxc3 24. Qxa4 c2 25. Ra1 $16) 24. Nd3 (24. Nd4 $11 {keeps the balance.} Nac5 25. f3) 24... bxc3 $2 {[%mdl 8192]} (24... Nac5 $17 25. Nxb4 {[#]} Nb3 $1 {[%mdl 512]}) 25. Qxa4 $18 Rc4 26. Qa3 c2 27. Ra1 R4c7 28. Qa5 Qc6 29. Qa4 Qb7 30. Qa6 Qb8 31. Ra4 Rc6 32. Qa5 Nc5 33. Rb4 $2 (33. Nxc5 $18 Rxc5 34. Qb4) 33... Nxd3 $16 34. Rxb8 Rxb8 35. Ne5 (35. Rg1 $16) 35... Nxc1 $11 36. Nxc6 Ne2 $1 37. Qc7 c1=Q {[#] ( -> ...Qg1+)} 38. Qxb8+ Kh7 39. Ne7 $1 {[%csl Ge7][%cal Rb8g8] The position is equal.} Qg1+ 40. Kf3 {[%csl Ge7][%cal Rb8g8]} Nd4+ 41. Ke3 $1 {[%csl Ge7][%cal Rb8g8]} Nf5+ 42. Nxf5 {Threatens to win with Ne7.} Qe1+ 43. Kd3 {Hoping for Ne3.} Qd1+ 44. Ke3 {Strongly threatening Ne7.} Qe1+ 45. Kd3 {Black must now prevent Ne3.} Qf1+ 46. Ke3 {And now Ne7 would win.} Qe1+ {Accuracy: White = 78%, Black = 78%.} 1/2-1/2